| Record ID | ia:essentialsofacco0000hayl |
| Source | Internet Archive |
| Download MARC XML | https://archive.org/download/essentialsofacco0000hayl/essentialsofacco0000hayl_marc.xml |
| Download MARC binary | https://www.archive.org/download/essentialsofacco0000hayl/essentialsofacco0000hayl_meta.mrc |
LEADER: 01895cam 2200481 a 4500
001 ocm16119355
003 OCoLC
005 20200715044207.0
008 860911s1987 ilu b 001 0 eng
010 $a 86082587
040 $aDLC$beng$cDLC$dBTCTA$dYDXCP$dOCLCG$dOCLCQ$dTULIB$dOCLCF$dOCLCO$dOCLCQ$dOCLCO$dOCLCQ$dCPO$dOCLCQ
020 $a0256034540$q(pbk.)
020 $a9780256034547$q(pbk.)
035 $a(OCoLC)16119355
043 $an-us---
050 00 $aHJ9801$b.H39 1987
082 00 $a657/.98$219
100 1 $aHay, Leon Edwards,$d1923-
245 10 $aEssentials of accounting for governmental and not-for-profit organizations /$cLeon E. Hay, John H. Engstrom.
260 $aHomewood, Ill. :$bIrwin,$c1987.
300 $ax, 310 pages ;$c24 cm.
336 $atext$btxt$2rdacontent
337 $aunmediated$bn$2rdamedia
338 $avolume$bnc$2rdacarrier
490 1 $aThe Robert N. Anthony/Willard J. Graham series in accounting
504 $aIncludes bibliographical references and index.
650 0 $aFinance, Public$zUnited States$xAccounting.
650 0 $aAdministrative agencies$zUnited States$xAccounting.
650 0 $aNonprofit organizations$zUnited States$xAccounting.
650 7 $aAdministrative agencies$xAccounting.$2fast$0(OCoLC)fst00796724
650 7 $aFinance, Public$xAccounting.$2fast$0(OCoLC)fst00924478
650 7 $aNonprofit organizations$xAccounting.$2fast$0(OCoLC)fst01038876
651 7 $aUnited States.$2fast$0(OCoLC)fst01204155
700 1 $aEngstrom, John H.
830 0 $aRobert N. Anthony/Willard J. Graham series in accounting.
938 $aBaker and Taylor$bBTCP$n86082587 //r92
938 $aYBP Library Services$bYANK$n144858
029 1 $aAU@$b000005524953
029 1 $aAU@$b000023915522
029 1 $aDEBBG$bBV008117763
029 1 $aNZ1$b3382937
994 $aZ0$bP4A
948 $hHELD BY P4A - 117 OTHER HOLDINGS